000 01599nam0a2200337 4500
001 RU\NLR\BIBL_A\022597755
005 20260607060632.0
035 _a(NLR Aleph) 022597755
090 _a13462777
_c13462777
100 _a20250807d1947 m y0rusy50 ca
101 0 _atun
102 _aRU
105 _ay |||||||||
135 _acrcn 024anaba
200 1 _aЭвэнки турэнин
_dСлово эвенка
_eБурят-Монголия эвэнкилинги стихилтын, давлавуртын, ичэттэн нимгакартын
_eсборник песен, стихов и сказок Бурят-Монголии
_fМ. Воскобойноков
210 _aУлан-Удэ
_cБурят-монгольское гос. изд-во
_d1947
215 _a83, [2] с.
_d20
325 _aКопия доступна в Электрон. б-ке РНБ
686 1 _aШ6(2=Эвенк)7 я43
702 1 _4220
_8rus
_7ca
_aВоскобойников
_bМ. Г.
_gМихаил Григорьевич
_f1912-1979
_3RU\NLR\AUTH\7715
_9110141
852 _aNLR
_bОНЛ
_jЭвенк./2-28
856 0 _uhttps://vivaldi.nlr.ru/bx000038870/view
856 1 _uhttps://vivaldi.nlr.ru/bx000038870/cover
856 2 _uhttps://vivaldi.nlr.ru/bx000038870/text
901 _eКнижные издания: ОНЛ
942 _cBOOK
980 _aNB
980 _aONL_RF
981 2 3 _a(23) Национальные литературы
_b(23) Книги на национальных языках